000
00360nam a2200157Ia 4500
005
20250423095946.0
008
250422s9999 xx 000 0 und d
020
_a
3- 596- 11071- 8
050
_a
PQ4863.A69375F43
100
_a
Lara Cardella
245
0
_a
Laura
260
_b
Fischer Taschenbuch verlag
260
_c
1992
300
_a
124 p
942
_c
BK
999
_c
31856
_d
31856